000 00311pab a2200133 454500
008 180718b2015 xxu||||| |||| 00| 0 eng d
100 _aMankiw, N. Gregory
245 _aYes, r > g. So what?
260 _c2015
300 _ap.43-47.
362 _aMay
773 _aAmerican Economic Review
909 _a108218
999 _c108213
_d108213